00191nam a2200085Ia 4500008004100000100001000041245001800051260001900069999001700088170620s9999 xx 000 0 und d aNazmi 0aMohamedan Law bCommercial Law c28694d28694